Las enfermedades mentales en el niño y en el adolescente

Tallennettuna:
Bibliografiset tiedot
Päätekijät: Mayer-Gross, Wilhelm (autor), Slater, E (Tekijä), Roth, M (Tekijä)
Aineistotyyppi: Kirja
Kieli:espanja
Julkaistu: Buenos Aires Paidós 1967
Sarja:Biblioteca del Educador Contemporáneo, 66
Aiheet:
Tagit: Lisää tagi
Ei tageja, Lisää ensimmäinen tagi!

MARC

LEADER 00000cam a2200000 a 4500
001 UCG9174
003 CL-VaPUC
008 120127e19670000AG |||||||||||||||||spa|d
082 0 4 |a 157.8  |b MAY  |2 21 
100 |a Mayer-Gross, Wilhelm  |e autor  |9 617236 
700 0 |a Slater, E  |e author  |9 560626 
700 0 |a Roth, M  |e author  |9 560627 
245 1 4 |a Las enfermedades mentales en el niño y en el adolescente 
300 |a 128 p 
942 |c BK 
945 |d 20120127 00:00:00  |a dcastane 
260 |a Buenos Aires  |b Paidós  |c 1967 
650 7 |a NIÑOS IMPEDIDOS MENTALMENTE  |2 CL-VaPUC  |9 307488 
650 0 |a Psicología del niño  |9 307305 
650 7 |a RETARDO MENTAL  |2 CL-VaPUC  |9 309466 
583 |a last modification  |c 20130107 12:53:59  |k Rodrigo Vera 
490 0 |a Biblioteca del Educador Contemporáneo, 66 
999 |c 346741  |d 346739 
952 |0 0  |1 0  |4 0  |6 157_800000000000000_MAY_1967  |7 0  |8 P  |9 447557  |a BIBEDU  |b BIBEDU  |c BIBEDU_PB  |d 2019-11-22  |i 483710K  |o 157.8 MAY 1967  |p 483710K  |r 2024-01-25  |w 2019-11-22  |y BK  |k EDI